Weiter zum Inhalt
VuFind
Login
Sprache
Slovak
English
Deutsch
Español
Français
Italiano
Português
Alle Felder
Titel
Verfasser
Schlagwort
Signatur
ISBN/ISSN
Tag
Suchen
Erweitert
Exekučný poriadok s dôvodovou...
Zitieren
SMS versenden
Als E-Mail versenden
Drucken
Datensatz exportieren
Exportieren nach RefWorks
Exportieren nach EndNoteWeb
Exportieren nach EndNote
Zu den Favoriten
Persistenter Link
Wird geladen …
Exekučný poriadok s dôvodovou správou
Gespeichert in:
Bibliographische Detailangaben
Format:
Buch
Sprache:
Slowakisch
Veröffentlicht:
Bratislava
EPOS
1995
Schlagworte:
súdnictvo
Slovensko
1995
exekútori
Tags:
Tag hinzufügen
Keine Tags, Fügen Sie das erste Tag hinzu!
View in EUBA Opac
Exemplare
Beschreibung
Kommentare
Ähnliche Einträge
Internformat
MARC
LEADER
00000nam a2200000 4500
001
c012011
005
20251009085952.8
020
|a
80-88810-17-5
041
0
|a
slo
044
|a
SK
245
1
0
|a
Exekučný poriadok s dôvodovou správou
264
1
|a
Bratislava
|b
EPOS
|c
1995
300
|a
176 s.
610
2
0
|a
súdnictvo
610
2
0
|a
Slovensko
610
2
0
|a
1995
610
2
0
|a
exekútori
Ähnliche Einträge
Exekučný poriadok
von: Tóth, Boris
Exekučný poriadok
von: Tóth, Boris
Exekučný poriadok. 3
Exekučný poriadok. 1
Exekučný poriadok s komentárom
von: Hromádková, Lucia